Countries...By Their Flag Maps 2 - Statistics

General Stats
  • This quiz has been taken 22 times
  • The average score is 27 of 28
Answer Stats
Picture Answer % Correct
Austria
100%
Ecuador
100%
Finland
100%
France
100%
Germany
100%
Greece
100%
Iceland
100%
Italy
100%
Norway
100%
Poland
100%
Serbia
100%
Spain
100%
Sweden
100%
Ukraine
100%
United Kingdom
100%
Uruguay
100%
Belarus
93%
Bulgaria
93%
Czech Republic
93%
Guyana
93%
Hungary
93%
Paraguay
93%
Peru
93%
Portugal
93%
Suriname
93%
Venezuela
93%
Romania
86%
Russia
86%
No matching quizzes found
Score Distribution
Percent of People with Each Score
Percentile by Number Answered
Your Score History
You have not taken this quiz